[Event "5.liga SE-SI 2019/2020"]
[Site "?"]
[Date "2020.02.29"]
[Round "8.4"]
[White "Kaufman, Robert"]
[Black "Zajicek, Ferdinand"]
[Result "1-0"]
[WhiteElo "1408"]
[BlackElo "1710"]
[PlyCount "73"]
[EventDate "2019.10.19"]
[WhiteTeam "CVÄŒ Senica C"]
[BlackTeam "Å K Nafta Gbely D"]

1. e4 c5 2. Nf3 Nc6 3. c3 d6 4. d4 cxd4 5. cxd4 Nf6 6. d5 Nb8 7. Qc2 g6 8. Bg5
Bg7 9. Nc3 O-O 10. Bd3 Bg4 11. O-O-O Na6 12. Bxa6 bxa6 13. Qd3 Qa5 14. h3 Bxf3
15. gxf3 Rfc8 16. Kb1 Rab8 17. Ka1 Qb6 18. Qd2 Qb4 19. Rhe1 Nh5 20. Bxe7 Rxc3
21. Bxd6 Rc1+ 22. Qxc1 Bxb2+ 23. Kb1 Qxd6 24. Qc6 Qb4 25. Re3 Bd4+ 26. Rb3 Qf8
27. Rxd4 Rxb3+ 28. axb3 Nf4 29. Qxa6 Qc5 30. Rc4 Qxf2 31. Qf6 Qf1+ 32. Ka2 Qxh3
33. Qxf4 Kg7 34. Rc7 Qg2+ 35. Ka3 Qe2 36. Qxf7+ Kh6 37. Qf4+ 1-0

[Event "5.liga SE-SI 2019/2020"]
[Site "?"]
[Date "2020.02.29"]
[Round "8.4"]
[White "Hyza, Richard"]
[Black "Babic, Patrik"]
[Result "1/2-1/2"]
[WhiteElo "1232"]
[BlackElo "1000"]
[PlyCount "39"]
[EventDate "2019.10.19"]
[WhiteTeam "Å K Nafta Gbely D"]
[BlackTeam "CVÄŒ Senica C"]

1. f4 d5 2. Nf3 Nc6 3. e3 Bg4 4. Be2 Bxf3 5. Bxf3 e5 6. fxe5 Nxe5 7. O-O Nf6 8.
b3 Nxf3+ 9. Qxf3 Qd6 10. Bb2 Be7 11. d3 O-O-O 12. Nd2 h5 13. h3 Kb8 14. Rae1
Rd7 15. e4 Qc5+ 16. Rf2 dxe4 17. Nxe4 Nxe4 18. Rxe4 f6 19. Kf1 Qc6 20. Rd4
1/2-1/2

[Event "5.liga SE-SI 2019/2020"]
[Site "?"]
[Date "2020.02.29"]
[Round "8.4"]
[White "Kaufmanova, Karin"]
[Black "Ralbovsky, Dominik"]
[Result "1/2-1/2"]
[WhiteElo "1126"]
[BlackElo "1156"]
[PlyCount "51"]
[EventDate "2019.10.19"]
[WhiteTeam "CVÄŒ Senica C"]
[BlackTeam "Å K Nafta Gbely D"]

1. e4 d5 2. e5 d4 3. Nf3 c5 4. Bc4 e6 5. d3 Bd7 6. O-O Bc6 7. Bd2 Qb6 8. b3 Nd7
9. c3 Bxf3 10. Qxf3 Nxe5 11. Qe4 Nxc4 12. dxc4 Nf6 13. Qc2 dxc3 14. Nxc3 g6 15.
a3 Bg7 16. Rab1 Rd8 17. b4 Qd6 18. Bg5 Qe5 19. Be3 Ng4 20. Rfe1 Qxc3 21. Qa4+
Rd7 22. Bxc5 Qxc4 23. Rbd1 b5 24. Qa6 Rxd1 25. Qc6+ Rd7 26. Qc8+ 1/2-1/2

[Event "5.liga SE-SI 2019/2020"]
[Site "?"]
[Date "2020.02.29"]
[Round "8.4"]
[White "Lanza, Matej"]
[Black "Otepka, Peter"]
[Result "1-0"]
[WhiteElo "1154"]
[BlackElo "1022"]
[PlyCount "109"]
[EventDate "2019.10.19"]
[WhiteTeam "Å K Nafta Gbely D"]
[BlackTeam "CVÄŒ Senica C"]

1. d4 d5 2. Nc3 Nf6 3. Nf3 Nc6 4. Bf4 Bf5 5. a3 e6 6. e3 Bd6 7. Bxd6 cxd6 8.
Bd3 Bg4 9. O-O O-O 10. h3 Bxf3 11. Qxf3 e5 12. Nxd5 Nxd5 13. Qxd5 exd4 14. exd4
Re8 15. Bb5 Rc8 16. Rfe1 Qd7 17. Bxc6 bxc6 18. Rxe8+ Rxe8 19. Qa5 Qd8 20. Re1
Rxe1+ 21. Qxe1 d5 22. Qc3 Qb6 23. Qb4 Qxb4 24. axb4 Kf8 25. Kf1 Ke7 26. Ke2 Kf6
27. b3 Kf5 28. Ke3 a6 29. c4 dxc4 30. bxc4 Ke6 31. Ke4 f5+ 32. Kd3 Kd6 33. f4
h6 34. g4 fxg4 35. hxg4 Ke6 36. Ke4 g5 37. d5+ cxd5+ 38. cxd5+ Kd6 39. f5 Ke7
40. Ke5 Kd7 41. Kf6 Kd6 42. Kg7 Kxd5 43. f6 Ke5 44. f7 Kf4 45. f8=Q+ Kxg4 46.
Kxh6 Kh4 47. Qf6 Kg3 48. Qxg5+ Kf3 49. Qe5 Kg4 50. Qf6 Kg3 51. Kg5 Kh3 52. Qf3+
Kh2 53. Kg4 Kg1 54. Kg3 a5 55. Qg2# 1-0

[Event "5.liga SE-SI 2019/2020"]
[Site "?"]
[Date "2020.02.29"]
[Round "8.4"]
[White "Kaufman, Roman"]
[Black "Hyza, Michal"]
[Result "1-0"]
[WhiteElo "1000"]
[BlackElo "1000"]
[PlyCount "67"]
[EventDate "2019.10.19"]
[WhiteTeam "CVÄŒ Senica C"]
[BlackTeam "Å K Nafta Gbely D"]

1. e4 e5 2. Nf3 Nc6 3. Bb5 Bd6 4. Nc3 Nf6 5. d3 Bb4 6. Bd2 d6 7. a3 Bc5 8. Nd5
O-O 9. Bg5 Bg4 10. Bc4 Nb8 11. h3 Be6 12. c3 c6 13. Nxf6+ gxf6 14. Bh6 Re8 15.
Nh4 a6 16. Bxe6 Kh8 17. Bxf7 d5 18. Qg4 Rg8 19. Bxg8 Qxg8 20. Qxg8+ Kxg8 21.
O-O-O Bf8 22. g4 Bxh6+ 23. Kb1 Bg5 24. Nf5 Nd7 25. exd5 cxd5 26. Ne7+ Kf7 27.
Nxd5 Rd8 28. h4 Bf4 29. Nxf4 exf4 30. d4 Re8 31. g5 fxg5 32. hxg5 Rh8 33. Rdg1
f3 34. g6+ 1-0

[Event "5.liga SE-SI 2019/2020"]
[Site "?"]
[Date "2020.06.27"]
[Round "9.1"]
[White "Knapek, Adrian"]
[Black "Datko, Jan"]
[Result "1/2-1/2"]
[WhiteElo "1345"]
[BlackElo "1254"]
[PlyCount "62"]
[EventDate "2019.10.19"]
[WhiteTeam "Å O Spartak Myjava B"]
[BlackTeam "Å achovÃ½ klub HolÃ­Ä� C"]

1. e4 e5 2. Nf3 Nc6 3. d4 exd4 4. Nxd4 Nxd4 5. Qxd4 d6 6. Bc4 Nf6 7. Bg5 Be7 8.
Nc3 O-O 9. Nd5 Nxd5 10. Bxe7 Qxe7 11. Qxd5 c6 12. Qd4 Qe5 13. Qxe5 dxe5 14. Rd1
Kh8 15. Rd6 f5 16. exf5 Bxf5 17. c3 Rad8 18. Rxd8 Rxd8 19. Bb3 Bd3 20. f3 g5
21. Kf2 e4 22. Rd1 Rf8 23. Ke3 Re8 24. fxe4 Bxe4 25. Kf2 Rf8+ 26. Kg3 Bf5 27.
Rf1 Kg7 28. Re1 Kf6 29. h3 Rd8 30. Rd1 Rxd1 31. Bxd1 Ke5 1/2-1/2

[Event "5.liga SE-SI 2019/2020"]
[Site "?"]
[Date "2020.06.27"]
[Round "9.1"]
[White "Sefcik, Oliver"]
[Black "Stachovic, Jozef"]
[Result "1/2-1/2"]
[WhiteElo "1249"]
[BlackElo "1599"]
[PlyCount "82"]
[EventDate "2019.10.19"]
[WhiteTeam "Å achovÃ½ klub HolÃ­Ä� C"]
[BlackTeam "Å O Spartak Myjava B"]

1. e4 e5 2. Nf3 Nc6 3. Bc4 Nf6 4. d3 h6 5. O-O d6 6. h3 Na5 7. Bb3 Nxb3 8. axb3
a6 9. Be3 Be6 10. c4 Be7 11. Nc3 Qd7 12. Kh2 g5 13. Ng1 c5 14. Nd5 Bxd5 15.
exd5 Ng8 16. g4 O-O-O 17. Qd2 f5 18. f3 f4 19. Bf2 h5 20. b4 hxg4 21. fxg4 Nf6
22. Kg2 e4 23. dxe4 Nxe4 24. Qd3 Nf6 25. Kf3 Rh6 26. Qd1 Rdh8 27. Kg2 Bd8 28.
b5 a5 29. Be1 b6 30. Rc1 Nxg4 31. Qxg4 Qxg4+ 32. hxg4 Rh2+ 33. Kf3 Bf6 34. Bc3
Bxc3 35. Rxc3 Rxb2 36. Rf2 Rb1 37. Rg2 Rxg1 38. Rxg1 Rh3+ 39. Kf2 Rxc3 40. Rh1
a4 41. Rh8+ Kc7 1/2-1/2

[Event "5.liga SE-SI 2019/2020"]
[Site "?"]
[Date "2020.06.27"]
[Round "9.1"]
[White "Belak, Michal"]
[Black "Matula, Tomas"]
[Result "1-0"]
[WhiteElo "1288"]
[BlackElo "1000"]
[PlyCount "95"]
[EventDate "2019.10.19"]
[WhiteTeam "Å O Spartak Myjava B"]
[BlackTeam "Å achovÃ½ klub HolÃ­Ä� C"]

1. e4 c5 2. Nf3 d6 3. Bc4 Nc6 4. O-O g6 5. Nc3 Bg7 6. d3 b6 7. Ng5 Ne5 8. Bb3
Nf6 9. f4 Bg4 10. Qe1 O-O 11. fxe5 dxe5 12. Nd5 Be6 13. Qg3 Nxd5 14. Bxd5 Bxd5
15. exd5 Qxd5 16. Bd2 Qd4+ 17. Kh1 Qxb2 18. Nf3 Rad8 19. Rfc1 e4 20. dxe4 Qa3
21. Bg5 Bxa1 22. Rxa1 Qb2 23. Qe5 Qxe5 24. Nxe5 Rd4 25. Nc6 Rxe4 26. Nxa7 Rb4
27. Nc6 Rb2 28. Nxe7+ Kg7 29. Nd5 Re8 30. Bf6+ Kh6 31. Bxb2 Re6 32. h3 Re2 33.
Nxb6 Rxc2 34. Rb1 c4 35. a4 c3 36. Bc1+ Kg7 37. a5 Re2 38. Ra1 Re1+ 39. Kh2 c2
40. Bb2+ Kg8 41. Rxe1 c1=Q 42. Rxc1 Kf8 43. Rc7 Ke8 44. a6 Kd8 45. Rxf7 Ke8 46.
Rg7 Kf8 47. a7 Ke8 48. a8=Q# 1-0

[Event "5.liga SE-SI 2019/2020"]
[Site "?"]
[Date "2020.06.27"]
[Round "9.1"]
[White "Sefcik, Marek"]
[Black "Hargas, Marek"]
[Result "0-1"]
[WhiteElo "1060"]
[BlackElo "1000"]
[PlyCount "58"]
[EventDate "2019.10.19"]
[WhiteTeam "Å achovÃ½ klub HolÃ­Ä� C"]
[BlackTeam "Å O Spartak Myjava B"]

1. e4 g6 2. d4 Bg7 3. Bc4 c6 4. Nc3 e6 5. e5 f6 6. f4 Ne7 7. Nf3 O-O 8. h4 Nd5
9. Ne4 Qe7 10. a3 b6 11. b4 Ba6 12. Bb3 c5 13. bxc5 bxc5 14. dxc5 Bb7 15. Qd4
Nc6 16. Qa4 fxe5 17. Nd6 exf4 18. Rb1 Nc3 19. Qc4 Nxb1 20. Nxb7 Bc3+ 21. Bd2
Bxd2+ 22. Nxd2 Nxd2 23. Kxd2 Ne5 24. Qe4 Ng4 25. Ke2 Rf5 26. Nd6 Re5 27. Qxe5
Nxe5 28. a4 Nc6 29. h5 Nd4+ 0-1

[Event "5.liga SE-SI 2019/2020"]
[Site "?"]
[Date "2020.06.27"]
[Round "9.1"]
[White "Galik, Marcel"]
[Black "Zurek, Jakub"]
[Result "1-0"]
[WhiteElo "1000"]
[BlackElo "1000"]
[PlyCount "59"]
[EventDate "2019.10.19"]
[WhiteTeam "Å O Spartak Myjava B"]
[BlackTeam "Å achovÃ½ klub HolÃ­Ä� C"]

1. e4 e5 2. Nf3 d6 3. h3 Nf6 4. Nc3 Be7 5. Bc4 Be6 6. Bxe6 fxe6 7. d3 Nbd7 8.
O-O d5 9. Re1 O-O 10. Ng5 h6 11. Nxe6 Re8 12. Nxd8 Raxd8 13. exd5 Bc5 14. Be3
Bd6 15. Qd2 Nh5 16. g4 Nf4 17. Bxf4 exf4 18. Rxe8+ Rxe8 19. Re1 Be5 20. d4 Rf8
21. dxe5 c6 22. e6 Nb6 23. e7 Re8 24. d6 Nc4 25. Qxf4 g5 26. Qf6 b5 27. Qg6+
Kh8 28. Qxe8+ Kh7 29. Qf7+ Kh8 30. e8=R# 1-0

[Event "5.liga SE-SI 2019/2020"]
[Site "?"]
[Date "2020.06.27"]
[Round "9.2"]
[White "Nemeckay, Rastislav"]
[Black "Kanka, Tomas"]
[Result "1/2-1/2"]
[WhiteElo "1935"]
[BlackElo "1763"]
[PlyCount "34"]
[EventDate "2019.10.19"]
[WhiteTeam "Interchess ZÅ  BorskÃ½ MikulÃ¡Å¡"]
[BlackTeam "JabuÄ�a Petrova Ves - Gbely E"]

1. e4 e5 2. Nf3 Nc6 3. Bb5 Nf6 4. O-O Nxe4 5. Re1 Nd6 6. Nxe5 Be7 7. Nxc6 dxc6
8. Ba4 O-O 9. d4 Be6 10. c3 Bg5 11. Nd2 Bd5 12. Bc2 Qf6 13. Ne4 Nxe4 14. Bxe4
Rfe8 15. Qg4 Bxc1 16. Raxc1 h5 17. Qf3 Qxf3 1/2-1/2

[Event "5.liga SE-SI 2019/2020"]
[Site "?"]
[Date "2020.06.27"]
[Round "9.2"]
[White "Mraz, Jan"]
[Black "Visvader, Kristof"]
[Result "1/2-1/2"]
[WhiteElo "1644"]
[BlackElo "1442"]
[PlyCount "89"]
[EventDate "2019.10.19"]
[WhiteTeam "JabuÄ�a Petrova Ves - Gbely E"]
[BlackTeam "Interchess ZÅ  BorskÃ½ MikulÃ¡Å¡"]

1. c4 Nf6 2. Nc3 e6 3. g3 d5 4. Qb3 Nbd7 5. d3 Nc5 6. Qc2 c6 7. Bg2 Be7 8. cxd5
cxd5 9. d4 Ncd7 10. Bg5 Qb6 11. e3 h6 12. Bxf6 Nxf6 13. Rc1 Bd7 14. Nf3 Rc8 15.
Ne5 O-O 16. O-O Rc7 17. Qd2 Rfc8 18. a3 Qa5 19. Rc2 b5 20. Nxd7 Nxd7 21. Nb1
Qxd2 22. Rxd2 Rc2 23. Rxc2 Rxc2 24. b4 Nb6 25. Bf3 Nc4 26. Bd1 Rb2 27. Bf3 a5
28. bxa5 Nxa5 29. Rd1 Nc4 30. Nc3 Bxa3 31. Rb1 Rxb1+ 32. Nxb1 b4 33. Bd1 Bc1
34. Bb3 Nd2 35. Nxd2 Bxd2 36. Kf1 f5 37. Ke2 Bc3 38. f3 Kf7 39. Kd3 Kf6 40. e4
fxe4+ 41. fxe4 dxe4+ 42. Kxe4 Be1 43. Bd1 Bf2 44. Ba4 h5 45. Bc2 1/2-1/2

[Event "5.liga SE-SI 2019/2020"]
[Site "?"]
[Date "2020.06.27"]
[Round "9.2"]
[White "Nemeckay, Dominik"]
[Black "Papanek, Lubomir"]
[Result "1-0"]
[WhiteElo "1451"]
[BlackElo "1555"]
[PlyCount "77"]
[EventDate "2019.10.19"]
[WhiteTeam "Interchess ZÅ  BorskÃ½ MikulÃ¡Å¡"]
[BlackTeam "JabuÄ�a Petrova Ves - Gbely E"]

1. e4 c5 2. Nf3 Nc6 3. d4 cxd4 4. Nxd4 e5 5. Nf3 d6 6. Nc3 Nf6 7. Bb5 Bd7 8.
Bg5 Be7 9. Bxf6 Bxf6 10. Qxd6 Be7 11. Qd5 Qc7 12. Bxc6 Bxc6 13. Qxe5 Qxe5 14.
Nxe5 Bb4 15. Nxc6 bxc6 16. Ke2 Bxc3 17. bxc3 Rb8 18. Rab1 Ke7 19. Rhd1 Rb6 20.
Rxb6 axb6 21. c4 Ra8 22. Ra1 Kd6 23. Kd3 Kc5 24. a4 Rd8+ 25. Kc3 Rd4 26. a5
Rxc4+ 27. Kd3 Rd4+ 28. Ke3 b5 29. a6 Rd8 30. a7 Ra8 31. Kd3 Kb6 32. Kd4 c5+ 33.
Kd5 Rd8+ 34. Ke5 Ra8 35. Kd6 c4 36. c3 Rd8+ 37. Ke5 Ra8 38. Kd6 Rc8 39. a8=Q
1-0

[Event "5.liga SE-SI 2019/2020"]
[Site "?"]
[Date "2020.06.27"]
[Round "9.2"]
[White "Ralbovsky, Milan"]
[Black "Visvader, Rudolf"]
[Result "1/2-1/2"]
[WhiteElo "1263"]
[BlackElo "1267"]
[PlyCount "43"]
[EventDate "2019.10.19"]
[WhiteTeam "JabuÄ�a Petrova Ves - Gbely E"]
[BlackTeam "Interchess ZÅ  BorskÃ½ MikulÃ¡Å¡"]

1. e4 e6 2. d3 d5 3. Nc3 Bb4 4. Bd2 Nf6 5. Nf3 c5 6. Ne5 Bxc3 7. Bxc3 dxe4 8.
Ng4 exd3 9. Bxd3 Nbd7 10. Bb5 a6 11. Bxd7+ Bxd7 12. Qf3 Bc6 13. Nxf6+ gxf6 14.
Qg3 Kf8 15. O-O Rg8 16. Rad1 Rxg3 17. Rxd8+ Rxd8 18. fxg3 f5 19. Bf6 Rd2 20.
Rf2 Rd1+ 21. Rf1 Rd2 22. Rf2 1/2-1/2

[Event "5.liga SE-SI 2019/2020"]
[Site "?"]
[Date "2020.06.27"]
[Round "9.2"]
[White "Zverka, Peter Samuel"]
[Black "Drabek, Pavel"]
[Result "1-0"]
[WhiteElo "1453"]
[BlackElo "1000"]
[PlyCount "99"]
[EventDate "2019.10.19"]
[WhiteTeam "Interchess ZÅ  BorskÃ½ MikulÃ¡Å¡"]
[BlackTeam "JabuÄ�a Petrova Ves - Gbely E"]

1. e4 e5 2. Nf3 Nf6 3. Nxe5 Nxe4 4. Qe2 d5 5. d3 f6 6. Nf3 Bg4 7. dxe4 dxe4 8.
Qxe4+ Qe7 9. Bd3 Qxe4+ 10. Bxe4 c6 11. Nc3 Bb4 12. Bd2 O-O 13. Nb5 Bxd2+ 14.
Kxd2 Na6 15. Nc3 Rad8+ 16. Ke3 Rfe8 17. Kf4 h5 18. Rad1 g5+ 19. Ke3 Nc5 20.
Rxd8 Rxd8 21. h3 Bxf3 22. Kxf3 Rf8 23. Bf5 b5 24. Ne4 Nxe4 25. Bxe4 c5 26. Rd1
f5 27. Bc6 g4+ 28. Kf4 b4 29. Rd5 gxh3 30. gxh3 Kg7 31. Rxf5 Rxf5+ 32. Kxf5 Kf7
33. Kg5 Ke6 34. f4 Kd6 35. Kg6 Kxc6 36. Kg7 Kd5 37. f5 Kd4 38. f6 Ke3 39. f7
Kd2 40. f8=Q Kxc2 41. Qxc5+ Kxb2 42. Qxb4+ Kxa2 43. Kf6 a6 44. Ke5 a5 45. Qxa5+
Kb3 46. Kd4 h4 47. Qc5 Ka4 48. Qb6 Ka3 49. Kc3 Ka4 50. Qb4# 1-0

[Event "5.liga SE-SI 2019/2020"]
[Site "?"]
[Date "2020.06.27"]
[Round "9.3"]
[White "Romanova, Ela"]
[Black "Zajicek, Ferdinand"]
[Result "1-0"]
[WhiteElo "1496"]
[BlackElo "1707"]
[PlyCount "70"]
[EventDate "2019.10.19"]
[WhiteTeam "Å K Skalica D"]
[BlackTeam "Å K Nafta Gbely D"]

1. e4 c5 2. Nf3 Nc6 3. Bb5 Qb6 4. Nc3 Nd4 5. Bc4 e6 6. O-O g6 7. Nxd4 cxd4 8.
Ne2 Bg7 9. d3 Ne7 10. Bb3 O-O 11. Bg5 f6 12. Bf4 Kh8 13. Bg3 a5 14. a4 e5 15.
f4 d6 16. Qd2 Bd7 17. Rf3 Bc6 18. fxe5 dxe5 19. Rf2 Bd7 20. Bh4 Be6 21. Bxe6
Qxe6 22. c3 dxc3 23. bxc3 Qb3 24. Qa2 Qxa2 25. Rxa2 g5 26. Bg3 Rad8 27. d4 exd4
28. Nxd4 Rfe8 29. Bc7 Rd7 30. Bxa5 Nc6 31. Nxc6 bxc6 32. Rfe2 Rde7 33. Rad2 f5
34. Bb4 fxe4 35. Bxe7 Rxe7 1-0

[Event "5.liga SE-SI 2019/2020"]
[Site "?"]
[Date "2020.06.27"]
[Round "9.3"]
[White "Hyza, Richard"]
[Black "Drabek, Martin"]
[Result "0-1"]
[WhiteElo "1273"]
[BlackElo "1465"]
[PlyCount "118"]
[EventDate "2019.10.19"]
[WhiteTeam "Å K Nafta Gbely D"]
[BlackTeam "Å K Skalica D"]

1. f4 d5 2. Nf3 Bg4 3. e3 h6 4. Be2 Nf6 5. b3 e6 6. Bb2 Nbd7 7. O-O Be7 8. d3
c6 9. Nbd2 O-O 10. Ne5 Bxe2 11. Qxe2 Nxe5 12. Bxe5 Bd6 13. Bb2 Re8 14. Nf3 Be7
15. Ne5 Qb6 16. d4 Ne4 17. Rac1 Bb4 18. c3 Be7 19. Ng4 Qa5 20. Ba1 Bh4 21. g3
Bxg3 22. Qg2 Bh4 23. Nxh6+ Kf8 24. Ng4 Ke7 25. Ne5 Rh8 26. Nf3 Bf6 27. Rc2 c5
28. Nd2 Nxd2 29. Qxd2 Rh3 30. Qe2 Rah8 31. Rf2 Qa6 32. Qxa6 bxa6 33. Rce2 cxd4
34. cxd4 Rc8 35. Kg2 Rh6 36. Rc2 Rhh8 37. Bb2 Kd7 38. Ba3 Be7 39. Bc5 Bxc5 40.
Rxc5 Rxc5 41. dxc5 Kc6 42. Rc2 Rc8 43. a4 Rb8 44. Rc3 Rb4 45. Kf3 d4 46. exd4
Rxd4 47. h3 Rd5 48. Ke4 Rxc5 49. Kd4 Rxc3 50. Kxc3 Kc5 51. b4+ Kd5 52. Kd3 f6
53. h4 f5 54. h5 e5 55. fxe5 Kxe5 56. Ke3 f4+ 57. Kf3 Kf5 58. a5 Kg5 59. h6
gxh6 0-1

[Event "5.liga SE-SI 2019/2020"]
[Site "?"]
[Date "2020.06.27"]
[Round "9.3"]
[White "Tutkova, Ludmila"]
[Black "Ralbovsky, Dominik"]
[Result "0-1"]
[WhiteElo "1238"]
[BlackElo "1153"]
[PlyCount "120"]
[EventDate "2019.10.19"]
[WhiteTeam "Å K Skalica D"]
[BlackTeam "Å K Nafta Gbely D"]

1. e4 d5 2. exd5 Qxd5 3. Nc3 Qa5 4. Nf3 Bf5 5. Bc4 e6 6. b3 c6 7. Qe2 Bxc2 8.
Bb2 Bg6 9. O-O Nd7 10. Ne4 Bxe4 11. Qxe4 Ngf6 12. Bxf6 Nxf6 13. Qe5 Qxe5 14.
Nxe5 Bb4 15. d4 Bc3 16. Rad1 Rd8 17. Nf3 O-O 18. Rd3 Ba5 19. Rdd1 Rd6 20. Be2
Rfd8 21. Rd3 Bb6 22. Rfd1 Nd5 23. R3d2 Nc3 24. Re1 Bxd4 25. Bd3 Bf6 26. Re3 a6
27. a3 Nd5 28. Re4 Bc3 29. Rd1 Ba5 30. Rd4 Bb6 31. Rc4 Nf6 32. Rc3 Ne4 33. Rc4
Nxf2 34. Bxh7+ Kxh7 35. Rxd6 Rxd6 36. Kf1 Nd3 37. Ng5+ Kg6 38. Rg4 Rd4 39. Ne4+
Kf5 40. Rxg7 Kxe4 41. h4 Nf4 42. Ke1 Bd8 43. g3 Bxh4 44. gxh4 Rd3 45. Rxf7 Rxb3
46. Rh7 Ke3 47. Kd1 Rb2 48. h5 c5 49. h6 c4 50. Rc7 b5 51. h7 Rh2 52. a4 bxa4
53. Rxc4 Rxh7 54. Rxa4 Rd7+ 55. Kc2 Rd6 56. Ra3+ Nd3 57. Ra5 Rd5 58. Rxa6 Nb4+
59. Kc3 Nxa6 60. Kc4 Rd8 0-1

[Event "5.liga SE-SI 2019/2020"]
[Site "?"]
[Date "2020.06.27"]
[Round "9.3"]
[White "Lanza, Matej"]
[Black "Londin, Michal Karol"]
[Result "0-1"]
[WhiteElo "1124"]
[BlackElo "1029"]
[PlyCount "66"]
[EventDate "2019.10.19"]
[WhiteTeam "Å K Nafta Gbely D"]
[BlackTeam "Å K Skalica D"]

1. d4 b6 2. Nf3 Bb7 3. Nc3 e6 4. Bf4 Nf6 5. e3 Bb4 6. Qd2 d6 7. a3 Bxc3 8. Qxc3
Nbd7 9. Bd3 c5 10. Bxd6 Rc8 11. O-O Bxf3 12. gxf3 Nd5 13. Qb3 c4 14. Bxc4 Rc6
15. Bg3 N7f6 16. Bxd5 Nxd5 17. Qb5 Kd7 18. e4 Nc7 19. Qa4 Qg5 20. Kh1 h5 21.
Rg1 h4 22. Bxc7 Qh5 23. Bf4 Qxf3+ 24. Rg2 h3 25. Rag1 hxg2+ 26. Rxg2 Qxf4 27.
d5 exd5 28. Qd4 Qxe4 29. Qxg7 Rxc2 30. Qg5 Rg8 31. Qf5+ Qxf5 32. h3 Qxh3+ 33.
Rh2 Rc1# 0-1

[Event "5.liga SE-SI 2019/2020"]
[Site "?"]
[Date "2020.06.27"]
[Round "9.3"]
[White "Tutka, Stepan"]
[Black "Hyza, Michal"]
[Result "1-0"]
[WhiteElo "1081"]
[BlackElo "1000"]
[PlyCount "45"]
[EventDate "2019.10.19"]
[WhiteTeam "Å K Skalica D"]
[BlackTeam "Å K Nafta Gbely D"]

1. e4 e5 2. Nf3 Nc6 3. Bc4 Nf6 4. Nc3 Bc5 5. d3 d6 6. h3 O-O 7. Bg5 Ne7 8. d4
exd4 9. Nxd4 d5 10. exd5 Nexd5 11. Ncb5 Re8+ 12. Ne2 c6 13. Nbc3 a6 14. Bxd5
Ba7 15. Bc4 Qb6 16. O-O Rd8 17. Qc1 Qc7 18. Bxf6 Bb8 19. Ng3 Rd6 20. Be5 b5 21.
Bxd6 Qxd6 22. Qd1 Qg6 23. Qd8# 1-0

[Event "5.liga SE-SI 2019/2020"]
[Site "?"]
[Date "2020.06.27"]
[Round "9.4"]
[White "Klimes, Karel"]
[Black "Kaufman, Robert"]
[Result "0-1"]
[WhiteElo "1679"]
[BlackElo "1430"]
[PlyCount "48"]
[EventDate "2019.10.19"]
[WhiteTeam "Å K Å tefanov B"]
[BlackTeam "CVÄŒ Senica C"]

1. e4 e5 2. Nf3 Nc6 3. Bc4 Nf6 4. d3 Bc5 5. c3 d6 6. Bg5 Be6 7. Bxe6 fxe6 8.
Qb3 Qd7 9. Nbd2 O-O-O 10. Qc2 h6 11. Be3 Bxe3 12. fxe3 Ng4 13. Nf1 g5 14. O-O-O
Rhf8 15. Qe2 d5 16. Nxg5 Nf2 17. Nf3 Nxd1 18. Qxd1 dxe4 19. N3d2 Qxd3 20. Ng3
Rf2 21. Ngxe4 Re2 22. Rf1 Rxe3 23. Nc5 Qb5 24. b4 Rxc3+ 0-1

[Event "5.liga SE-SI 2019/2020"]
[Site "?"]
[Date "2020.06.27"]
[Round "9.4"]
[White "Benci, Jozef"]
[Black "Fajtakova, Silvia"]
[Result "0-1"]
[WhiteElo "1227"]
[BlackElo "1502"]
[PlyCount "44"]
[EventDate "2019.10.19"]
[WhiteTeam "CVÄŒ Senica C"]
[BlackTeam "Å K Å tefanov B"]

1. e4 e5 2. Nf3 Nc6 3. Bc4 Be7 4. c3 Nf6 5. d3 O-O 6. O-O d6 7. Bb3 Bg4 8. Nbd2
d5 9. Re1 d4 10. Nf1 Qd7 11. Bg5 Rad8 12. Bc2 h6 13. Bh4 Rfe8 14. N1d2 Nh5 15.
Bxe7 Rxe7 16. h3 Bxh3 17. g3 Bg4 18. Nb3 Qd6 19. c4 Qg6 20. Nh4 Qg5 21. f3 Bh3
22. Ng2 Qxg3 0-1

[Event "5.liga SE-SI 2019/2020"]
[Site "?"]
[Date "2020.06.27"]
[Round "9.4"]
[White "Novomeska, Karin"]
[Black "Babic, Patrik"]
[Result "1-0"]
[WhiteElo "1462"]
[BlackElo "1349"]
[PlyCount "71"]
[EventDate "2019.10.19"]
[WhiteTeam "Å K Å tefanov B"]
[BlackTeam "CVÄŒ Senica C"]

1. d4 Nf6 2. c4 e6 3. Nc3 d5 4. Bg5 Bb4 5. e3 Bxc3+ 6. bxc3 dxc4 7. Bxc4 O-O 8.
Nf3 Nbd7 9. O-O c6 10. Bd3 Qa5 11. Qc2 b6 12. Bxf6 Nxf6 13. Ne5 Bb7 14. e4 Rac8
15. Nc4 Qg5 16. Nd6 Rc7 17. e5 Nh5 18. Nxb7 Rxb7 19. Bxh7+ Kh8 20. Be4 Rc7 21.
Qc1 Nf4 22. Kh1 Qg4 23. Bf3 Qf5 24. Qb1 Qxb1 25. Raxb1 c5 26. g3 Ng6 27. Be4
Ne7 28. Rfd1 cxd4 29. cxd4 Rc4 30. Rbc1 Rfc8 31. Rxc4 Rxc4 32. f3 b5 33. Kg2 b4
34. Kf2 Nc6 35. d5 Nd4 36. d6 1-0

[Event "5.liga SE-SI 2019/2020"]
[Site "?"]
[Date "2020.06.27"]
[Round "9.4"]
[White "Kaufmanova, Karin"]
[Black "Tomasovic, Pavol"]
[Result "0-1"]
[WhiteElo "1127"]
[BlackElo "1226"]
[PlyCount "72"]
[EventDate "2019.10.19"]
[WhiteTeam "CVÄŒ Senica C"]
[BlackTeam "Å K Å tefanov B"]

1. e4 e6 2. d4 d5 3. e5 c5 4. c3 Nc6 5. Bb5 Qb6 6. Ba4 Nh6 7. Nf3 Nf5 8. Bxc6+
bxc6 9. O-O cxd4 10. Nxd4 Nxd4 11. cxd4 Ba6 12. Re1 c5 13. Be3 Qxb2 14. Nd2
cxd4 15. Qa4+ Bb5 16. Bxd4 Bxa4 17. Bxb2 Bb4 18. Rad1 Bxd1 19. Rxd1 Bxd2 20.
Rxd2 O-O 21. Ba3 Rfc8 22. Re2 Rab8 23. Re1 Rc3 24. Bd6 Rbc8 25. h3 Rc1 26. Rxc1
Rxc1+ 27. Kh2 Rc2 28. a3 Rxf2 29. Kg3 Rc2 30. h4 f6 31. exf6 gxf6 32. h5 h6 33.
a4 Kf7 34. Bb8 a5 35. Ba7 Ra2 36. Bb6 Rxa4 0-1

[Event "5.liga SE-SI 2019/2020"]
[Site "?"]
[Date "2020.06.27"]
[Round "9.4"]
[White "Novomesky, Roman"]
[Black "Otepka, Peter"]
[Result "1-0"]
[WhiteElo "1333"]
[BlackElo "1022"]
[PlyCount "61"]
[EventDate "2019.10.19"]
[WhiteTeam "Å K Å tefanov B"]
[BlackTeam "CVÄŒ Senica C"]

1. d4 d5 2. c4 dxc4 3. Nc3 Nf6 4. Nf3 Nc6 5. e4 Bg4 6. d5 Bxf3 7. Qxf3 Nd4 8.
Qd1 e5 9. Bxc4 Bc5 10. Qa4+ Qd7 11. Bb5 c6 12. dxc6 bxc6 13. Bc4 O-O 14. O-O
Rab8 15. a3 Rfd8 16. b4 Bb6 17. Bg5 Ne6 18. Rad1 Qc7 19. Bxe6 fxe6 20. Rxd8+
Rxd8 21. Rd1 Rxd1+ 22. Qxd1 h6 23. Bxf6 gxf6 24. Qg4+ Qg7 25. Qxe6+ Qf7 26.
Qc8+ Kh7 27. Qxc6 Bd4 28. Nd5 Qh5 29. Nxf6+ Kg6 30. Nxh5+ Kxh5 31. g3 1-0

[Event "5.liga SE-SI 2019/2020"]
[Site "?"]
[Date "2020.06.27"]
[Round "10.1"]
[White "Kanka, Tomas"]
[Black "Knapek, Adrian"]
[Result "0-1"]
[WhiteElo "1763"]
[BlackElo "1345"]
[PlyCount "108"]
[EventDate "2019.10.19"]
[WhiteTeam "JabuÄ�a Petrova Ves - Gbely E"]
[BlackTeam "Å O Spartak Myjava B"]

1. e4 e6 2. c4 c5 3. Nf3 Nc6 4. Nc3 b6 5. d4 cxd4 6. Nxd4 Bb7 7. Bf4 Qf6 8. Be3
Bc5 9. Nc2 Bxe3 10. Nxe3 Nd4 11. Ng4 Qg5 12. Qxd4 Qxg4 13. f3 Qh4+ 14. Ke2 Qf6
15. e5 Qd8 16. Nb5 Bc6 17. Nd6+ Kf8 18. a4 Ne7 19. g4 Nc8 20. b4 Nxd6 21. Qxd6+
Ke8 22. Bg2 Qe7 23. Rhd1 Qxd6 24. exd6 a5 25. Rdb1 f5 26. g5 Kf7 27. Ke3 Kg6
28. b5 Bb7 29. Kf4 h6 30. gxh6 Rxh6 31. Kg3 e5 32. Rg1 f4+ 33. Kf2 Kf6 34. h3
Rc8 35. Rac1 Kf5 36. Bf1 Rxd6 37. Rxg7 Rd4 38. h4 Rh8 39. Bh3+ Kf6 40. Rcg1 Rh6
41. h5 Rxc4 42. R1g6+ Rxg6 43. Rxg6+ Kf7 44. Bf5 Rxa4 45. h6 Ra2+ 46. Ke1 Rh2
47. Rxb6 Bxf3 48. Bxd7 e4 49. Rb7 Kf6 50. Rb6+ Ke5 51. Re6+ Kd4 52. Rc6 e3 53.
Rd6+ Kc4 54. Rc6+ Kb4 0-1